| 000 | 00461nam a2200157 4500 | ||
|---|---|---|---|
| 008 | 0 1977 0a 000 0Mex | ||
| 020 | _a968-18-0180-6 | ||
| 050 | _aQC311 V217 | ||
| 082 | _a536.7 T128f | ||
| 100 | _aVan Wylen, Gordon | ||
| 245 | _aFundamentos de termodinamica / Gordon Van Wylen, Richard E. Sonntag | ||
| 260 | _aMéxico : Limusa | ||
| 300 | _a734 p. / 23 cm | ||
| 650 | _a1. TERMODINAMICA | ||
| 700 | _aI. Sonntag, Richard E. coaut. | ||
| 999 |
_c18886 _d18886 |
||